|
|
|
|
| LEADER |
00000ckm a2200000 a 4500 |
| 001 |
vtls001397030 |
| 003 |
SK-MaSNL |
| 005 |
20260331204443.0 |
| 007 |
kf co |
| 008 |
230718s1977 xo g 0kuslo |
| 015 |
|
|
|a SNBG1977
|
| 035 |
|
|
|a SNK000351425
|
| 035 |
|
|
|a urn:nbn:sk:snk-km3lw0m
|
| 035 |
|
|
|a 6E0D80BB-0583-4DE9-8991-64CC93A3FF47
|
| 035 |
|
|
|a urn:nbn:sk:snk-km00dro3
|
| 040 |
|
|
|a SNK
|b slo
|c SNK
|e AACR2
|
| 041 |
0 |
|
|a slo
|
| 043 |
|
|
|a e-xo---
|
| 044 |
|
|
|a xo
|c SK
|
| 072 |
|
7 |
|a 913
|x Regionálna geografia
|2 konspekt
|
| 080 |
|
|
|a (084.121)
|2 2011
|
| 080 |
|
|
|a 913(437.6)
|2 2011
|
| 080 |
|
|
|a 908.437.684(084.121)
|2 1981
|
| 080 |
|
|
|a 728.61
|2 2011
|
| 080 |
|
|
|a 712.256-053.2
|2 2011
|
| 080 |
|
|
|a 728.81
|2 2011
|
| 100 |
1 |
|
|a Jiroušek, Alexander,
|d 1934-2021
|4 pht
|9 223957
|
| 245 |
1 |
0 |
|a Stará Ľubovňa
|h grafika
|c foto Alexander Jiroušek, František Lorenc, Jozef Cincík
|
| 260 |
|
|
|a Bratislava
|b Pravda
|c 1977
|
| 300 |
|
|
|a 1 pohľadnica (4 čiastkové pohľady)
|b farebná
|c 11 x 15 cm
|
| 500 |
|
|
|a Hlavný názov prevzatý z obrazovej časti pohľadnice
|
| 500 |
|
|
|a Na adresnej časti pohľadnice uvedené: Stará Ľubovňa - staré spišské mestečko. Pôvodná obec založená v 13. stor.; v 14 stor. dostala mestské práva. Nad mestom je zachovaná zrúcanina a časť hradu, ktorý vznikol v 13. stor.
|
| 520 |
8 |
|
|a Zobrazenie: Na zlatom podklade v bielom orámovaní Dom služieb, detské ihriská a tenisový kurt na sídlisku, v okrúhlych pohľadoch je Ľubovniansky hrad a chata v lesnom prostredí
|
| 610 |
2 |
7 |
|a Ľubovniansky hrad (Stará Ľubovňa, Slovensko)
|2 SNKKA
|9 102635
|
| 650 |
0 |
7 |
|a hrady
|2 SNKPH
|9 3039
|
| 650 |
0 |
7 |
|a detské ihriská
|2 SNKPH
|9 73875
|
| 650 |
0 |
7 |
|a chaty
|2 SNKPH
|9 29339
|
| 651 |
|
7 |
|a Stará Ľubovňa (Slovensko)
|2 SNKPHgeo
|9 19193
|
| 655 |
|
7 |
|a miestne pohľadnice
|2 SNKPH
|9 70510
|
| 700 |
1 |
|
|a Lorenc, František
|c (fotograf)
|4 pht
|9 177742
|
| 700 |
1 |
|
|a Cincík, Jozef,
|d 1908-1982
|4 pht
|9 55163
|
| 852 |
|
|
|a Slovenská národná knižnica
|
| 954 |
|
|
|a pohľadnice pôvodné (slovenské)
|2 lita
|
| 958 |
|
|
|a GBN
|
| 958 |
|
|
|a TL
|
| 958 |
|
|
|a GC
|
| 958 |
|
|
|a OND
|
| 958 |
|
|
|a EUIPO
|
| 999 |
|
|
|c 1067706
|d 1069636
|
| 952 |
|
|
|t P60, <03>, [BOOK], {603}
|a SNK
|b SNK
|y PREZ
|7 0
|p 17A1297857
|o snkSP 149777
|i snkPV 1156/2000
|z Pohľadnica prešla poštou.
|0 0
|1 0
|4 0
|d 2000-09-27
|f 1
|l 0
|r 2005-01-02 00:00:00
|w 2026-02-24
|